| 000 | 00637nam a2200205Ia 4500 | ||
|---|---|---|---|
| 005 | 20250508170141.0 | ||
| 008 | 008 250505s9999 xx 000 0 eng d | ||
| 020 | _a0-19-949428-2 | ||
| 037 | _aTextBook | ||
| 040 |
_aFEDL _beng _cFEDL |
||
| 041 |
_aeng _2eng |
||
| 084 |
_a370.32, MAT/R _qFEDL |
||
| 100 |
_aMatthey- Prakash Florian _9478258 |
||
| 245 | 0 | _aRight to education in India: The importance of enforceability of a fundamental right | |
| 260 |
_aNew Delhi, India _bOxford University Press _c2019 |
||
| 300 | _axxiv, 446p. | ||
| 365 |
_aINR _b15 |
||
| 942 |
_cTB _h370.32, MAT/R |
||
| 999 |
_c1399474 _d1399474 |
||